000 00661 a2200205 4500
010 _aENG-90207
020 _a8181575121
_c400.00
035 _aEN-73740
037 _bDBAD / PUB
082 1 4 _a369.4092
090 _c12833
_d12833
100 1 _aSapru, Somnath
245 1 _aSkyhawks/
_cby Somnath Sapru
260 _aKolkata
_bWriters Workshop
_c2006
270 _a162/92, Lake Gardens,
_bKolkatta
_e700 045
300 _a338p.:
_c22 cm ( Hb.)
_bb&w photos, ill.
490 _aA Writers Workshop saffronbird book
942 _adpl
_cEN
_k369.4092 / SAP
999 _c12469
_d12469